Svetlonos /
V lesoch nad Čadcou nájde miestny osadník telo zavraždeného chlapca. Obyvatelia samoty na Vojtovskom vrchu veria, že ho zabil svetlonos – prízrak, ktorý sa zjavuje v hmle, aby trestal živých za hriechy mŕtvych. Vyšetrovaním vraždy poveria četníka Johana Frica a ten na strašidlá neverí. Napriek tomu...
Uloženo v:
| Hlavní autor: | |
|---|---|
| Médium: | E-kniha |
| Jazyk: | Czech |
| Vydáno: |
Praha :
Albatros Media Slovakia s.r.o.,
2026
|
| Tagy: |
Žádné tagy |
| LEADER | 01513nam a22002297i 4500 | ||
|---|---|---|---|
| 001 | 303249 | ||
| 007 | ta | ||
| 008 | 260518s2026 xr ||||| |||| 00| 0 cze d | ||
| 020 | |a 9788056652411 | ||
| 044 | |a xr | ||
| 100 | 1 | |a Harant, Stanislav |4 aut | |
| 245 | 1 | 0 | |a Svetlonos / |c Harant, Stanislav |
| 264 | 1 | |a Praha : |b Albatros Media Slovakia s.r.o., |c 2026 | |
| 300 | |a 1 online zdroj (272 stran) | ||
| 336 | |a text |b txt |2 rdacontent | ||
| 337 | |a bez média |b n |2 rdamedia | ||
| 338 | |a online zdroj |b cr |2 rdacarrier | ||
| 520 | 2 | |a V lesoch nad Čadcou nájde miestny osadník telo zavraždeného chlapca. Obyvatelia samoty na Vojtovskom vrchu veria, že ho zabil svetlonos – prízrak, ktorý sa zjavuje v hmle, aby trestal živých za hriechy mŕtvych. Vyšetrovaním vraždy poveria četníka Johana Frica a ten na strašidlá neverí. Napriek tomu musí preniknúť do sveta osád medzi lesmi, kde majú povery väčšiu váhu než zákon. Zachová si chladnú hlavu na miestach, kde sa legendy miešajú s realitou, a odhaliť tajomného vraha, skôr než opäť udrie? | |
| 910 | |a RBIT002 | ||
| 998 | |d 427164 |a https://core.palmknihy.cz/api/books/427164/cover?tf1psr |b https://core.palmknihy.cz/api/books/427164/cover/400?tf1psr |c https://core.palmknihy.cz/api/books/427164/cover/50?tf1psr |e 2037-12-31 |g 272 |i 9788056652411 |j https://core.palmknihy.cz/api/books/427164/preview.epub |k https://core.palmknihy.cz/api/books/427164/preview.pdf |l |q 49 |r 1 |s https://www.palmknihy.cz/kniha/427164 |t ebook |y 2026 |z 1 | ||
| 999 | |d 303247 | ||